[Event "GER-ch 82nd"]
[Site "Bonn"]
[Date "2011.05.28"]
[Round "3"]
[White "Gustafsson, Jan"]
[Black "Bindrich, Falko"]
[Result "1-0"]
[WhiteElo "2646"]
[BlackElo "2547"]
[PlyCount "85"]
[EventDate "2011.05.26"]
[EventType "swiss"]
[EventRounds "9"]
[EventCountry "GER"]
[SourceTitle "CBM 142 Extra"]
[Source "ChessBase"]
[SourceDate "2011.06.27"]
[SourceVersion "1"]
[SourceVersionDate "2011.06.27"]
[SourceQuality "1"]

1. Nf3 d5 2. c4 d4 3. g3 Nc6 4. Bg2 e5 5. O-O Nf6 6. d3 a5 7. e3 dxe3 8. Bxe3 Be7 9. d4 exd4 10. Nxd4 Nxd4 11. Qxd4 O-O 12. Nc3 Qxd4 13. Bxd4 c6 14. Rfe1 $146 ({RR} 14. Na4 Be6 15. b3 Nd7 16. Rad1 Rfe8 17. h3 h5 18. Kh2 g6 19. Rfe1 Bb4 20. Bc3 Bxc3 21. Nxc3 Nf6 22. Na4 Rad8 23. Nc5 Rxd1 24. Rxd1 Bc8 25. a3 Kg7 26. Rd2 Re1 27. Rd8 Re8 28. Rxe8 Nxe8 {Rapport,R (2577)-Brunello,S (2592) Achaia 2012 ½-½ (40)}) ({RR} 14. b3 Be6 15. Rfd1 Rfd8 16. Bb6 Rxd1+ 17. Rxd1 Nd7 18. Be3 Nc5 19. Bf3 Bf8 20. h4 g6 21. h5 a4 22. Bxc5 Bxc5 23. Nxa4 Bb4 24. Kg2 Kf8 25. hxg6 hxg6 26. Rd3 Ke7 27. Re3 Kf6 28. Rd3 Ke7 {Tomashevsky,E (2731)-Svidler,P (2745) Moscow 2016 1-0 (40)}) ({RR} 14. Na4 Be6 15. b3 Nd7 16. Rad1 Rfd8 17. Bf3 Kf8 18. Kg2 Rac8 19. Rfe1 Bb4 20. Re3 b5 21. cxb5 cxb5 22. Nc3 Bxc3 23. Bxc3 b4 24. Bd4 Nf6 25. Red3 Bd5 26. Bb6 Bxf3+ 27. Kxf3 Rxd3+ 28. Rxd3 Ra8 {Deepan Chakkravarthy,J (2535)-Doshi,M (2399) Mumbai 2020 1-0 (34)}) 14... Be6 15. Bh3 Bxh3 16. Rxe7 Nd7 17. Rae1 Rfd8 18. Ne4 Be6 19. Nd6 Nf8 20. c5 Bxa2 21. Rxb7 Ne6 22. Be3 Bd5 23. Ra1 a4 24. f4 Nf8 25. f5 Nd7 26. Bd4 h5 27. Ra3 Nf6 28. Bxf6 gxf6 29. Kf2 Kg7 30. Ke3 Rh8 31. Rb4 Bb3 32. Rb6 Bd5 33. Rb4 Bb3 34. Ra1 Rab8 35. Rb6 h4 36. gxh4 Ra8 37. Rg1+ Kf8 38. Rg4 a3 39. bxa3 Bd1 40. Rg1 Rxa3+ 41. Kd2 Rxh4 42. Rb8+ Ke7 43. Re1+ 1-0

[Event "Sigeman & Co 19th"]
[Site "Malmo"]
[Date "2011.06.10"]
[Round "2"]
[White "So, Wesley"]
[Black "Shirov, Alexei"]
[Result "1-0"]
[WhiteElo "2667"]
[BlackElo "2701"]
[Annotator "ChessBase"]
[PlyCount "117"]
[EventDate "2011.06.09"]
[EventType "tourn"]
[EventRounds "5"]
[EventCountry "SWE"]
[EventCategory "15"]
[SourceTitle "CBM 143"]
[Source "ChessBase"]
[SourceDate "2011.07.15"]
[SourceVersion "1"]
[SourceVersionDate "2011.07.15"]
[SourceQuality "1"]

1. d4 d5 2. c4 c6 3. Nf3 Nf6 4. e3 e6 5. b3 Nbd7 6. Bd3 Bd6 7. Bb2 Qe7 8. Ne5 Bb4+ 9. Nd2 Nxe5 10. dxe5 Nd7 11. a3 (11. O-O {is the usual continuation here.}) ({RR} 11. O-O O-O 12. f4 g6 13. Nf3 dxc4 14. bxc4 Ba3 15. Bd4 b5 16. cxb5 c5 17. Bc3 Bb7 18. Nd2 Nb6 19. Ne4 Bxe4 20. Bxe4 Rad8 21. Qc2 c4 22. Bd4 Bc5 23. Qc3 Bxd4 24. exd4 Qd7 25. a4 Qxd4+ {Vogel,R (2552)-Ipek,E (2221) Eforie Nord ROU 2025 1-0 (41)}) 11... Ba5 12. O-O f6 $146 ({RR} 12... Bc7 13. Qh5 g6 14. Qh6 Qf8 15. Qg5 f6 16. exf6 Bd8 17. Qg4 Nxf6 18. Qd4 Qh6 19. f4 O-O 20. Nf3 Bb6 21. c5 Bd8 22. Ne5 Qg7 23. Rf3 Nd7 24. Rg3 Nxe5 25. fxe5 Bd7 26. Qg4 Bc7 27. Qg5 {Keler,F (2242)-Soysal,S (2261) Kocaeli 2014 ½-½}) ({RR} 12... Bc7 13. f4 b6 14. cxd5 exd5 15. b4 Bb7 16. e4 c5 17. exd5 Bxd5 18. Ne4 Bb7 19. Rc1 O-O-O 20. Qc2 Kb8 21. Kh1 f6 22. bxc5 bxc5 23. Qb3 Ka8 24. e6 c4 25. Qxc4 Nb6 26. Qxc7 Qxc7 27. Rxc7 {Diermair,A (2361)-Froewis,G (2220) Jenbach 2009 1-0 (43)}) 13. Nf3 Bc7 14. exf6 Nxf6 15. Ne5 O-O 16. f4 Bd7 17. Rf3 Be8 18. Qc2 Bxe5 19. Bxe5 Ne4 20. Bxe4 dxe4 {[#]} 21. Rff1 $1 {White could perfectly well take the pawn with Qxe4. There is no hidden trap in case you are looking for one. However, while White's bishop is as domineering a pivot as Shaquille O'Neal, Black's counterpart is a homeless soldier in search of a place to stay. The e4 pawn imprisons Shirov's bishop so why help him?} Bg6 22. c5 Rfd8 23. Bd6 Qf7 24. Rad1 Bf5 25. Rd4 Rd7 26. h3 h5 27. Rfd1 Qg6 28. Kh2 h4 29. Qf2 Qh5 30. R1d2 {[#]} Kh7 $2 {Black is obviously in a very uncomfortable position, however this move just gives away the only open file in the position.} ({Black had to play} 30... Rad8 {to create greater resistance.}) 31. Be5 Rf7 32. Rd7 Raf8 33. R2d6 Kg8 34. Rxf7 Rxf7 35. Rd8+ Kh7 36. a4 a6 37. Qe1 Bg6 {[#] Black is so tied up he has nothing better to do than shuffle the pieces around and wait for the axman with his head on the chopping block.} 38. Kg1 Bf5 39. Qf2 Bg6 40. Kf1 Rf5 41. Ke1 Be8 42. Qd2 Qg6 43. Rb8 Qg3+ 44. Qf2 Bh5 45. Rxb7 Rf7 46. Qxg3 hxg3 47. Rb6 Rd7 48. Bd6 e5 49. fxe5 Rf7 50. e6 Rf2 51. Bxg3 Rxg2 52. Bf4 g5 53. Kf1 Rc2 54. Bxg5 Rxc5 55. h4 Kg6 56. e7 Kf5 57. Rb8 Re5 58. Rf8+ Kg4 59. Kg2 1-0

[Event "UKR-ch 80th"]
[Site "Kiev"]
[Date "2011.06.12"]
[Round "3"]
[White "Areshchenko, Alexander"]
[Black "Vovk, Yuri"]
[Result "1-0"]
[WhiteElo "2694"]
[BlackElo "2550"]
[PlyCount "87"]
[EventDate "2011.06.10"]
[EventType "tourn"]
[EventRounds "11"]
[EventCountry "UKR"]
[EventCategory "16"]
[SourceTitle "CBM 143"]
[Source "ChessBase"]
[SourceDate "2011.07.15"]
[SourceVersion "1"]
[SourceVersionDate "2011.07.15"]
[SourceQuality "1"]

1. e4 e6 2. d3 d5 3. Nd2 c5 4. g3 Nf6 5. Bg2 Nc6 6. Ngf3 g6 7. O-O Bg7 8. c3 O-O 9. Re1 Re8 10. e5 Nd7 11. d4 f6 12. exf6 Nxf6 $146 ({RR} 12... Bxf6 13. Nf1 cxd4 14. cxd4 Qb6 15. Ne3 Rf8 16. Nc2 Ndb8 17. h4 Bg7 18. h5 Ne7 19. hxg6 hxg6 20. Bg5 Nbc6 21. Bxe7 Nxe7 22. b3 {½-½ (22) Hahnewald,P-Roth,J (2235) Wuerttemberg 1996}) ({RR} 12... Qxf6 13. Nb3 c4 14. Nbd2 e5 15. b3 cxb3 16. Qxb3 Kh8 17. Qxd5 Nb6 18. Qb5 Bf5 19. Bb2 exd4 20. cxd4 Rxe1+ 21. Rxe1 Rd8 22. Nb3 Bd7 23. Qe2 Bg4 24. h3 Bxf3 25. Qxf3 Qxf3 26. Bxf3 Kg8 27. Kg2 {Amin,B (2680)-Stupak,K (2573) Abu Dhabi 2017 1-0 (46)}) ({RR} 12... Qxf6 13. Nb3 c4 14. Nbd2 e5 15. dxe5 Ndxe5 16. Nxe5 Nxe5 17. f4 Bg4 18. Bxd5+ Kh8 19. Qa4 Qb6+ 20. Kg2 Bd7 21. Qb4 Qxb4 22. cxb4 Nd3 23. Rxe8+ Rxe8 24. Bxc4 Ne1+ 25. Kh1 Bc6+ 26. Kg1 Bd4+ 27. Kf1 {Rom,J (2178)-Hayrapetyan,E (2216) chess.com INT 2024 0-1 (35)}) ({RR} 12... Qxf6 13. Nb3 c4 14. Bg5 Qf7 15. Nbd2 e5 16. dxe5 Ndxe5 17. Nxe5 Nxe5 18. f4 Bg4 19. Qa4 Nd7 20. Qa5 Nb6 21. h3 Be2 22. Ne4 dxe4 23. Rxe2 h6 24. Bh4 g5 25. Bxg5 hxg5 26. Qxg5 Qf6 27. Qxf6 {Amin,B (2627)-Berescu,A (2458) Abu Dhabi 2014 ½-½ (34)}) 13. h3 b6 14. Ne5 Bb7 15. Ndf3 Nxe5 16. Nxe5 Nd7 17. Bf4 cxd4 18. cxd4 Rc8 19. Nxd7 Qxd7 20. Be5 Bh6 21. h4 Qf7 22. Bh3 Bc6 23. Qd3 Bd7 24. Re2 Rc6 25. Rae1 a5 26. Kg2 Rc4 27. Bg4 Rc6 28. Rh1 Rec8 29. h5 Bg7 30. Bxg7 Kxg7 31. Re5 Rc2 32. Qe3 Rf8 33. Bf3 Rxb2 34. hxg6 Qxf3+ 35. Qxf3 Rxf3 36. Kxf3 hxg6 37. Re2 Rb4 38. Rc2 Ba4 39. Rc7+ Kf6 40. Ke3 Rb2 41. Rhh7 g5 42. Rh6+ Kf5 43. f3 g4 44. f4 1-0

[Event "WchT 8th"]
[Site "Ningbo"]
[Date "2011.07.24"]
[Round "7.2"]
[White "Movsesian, Sergei"]
[Black "Almasi, Zoltan"]
[Result "1-0"]
[WhiteElo "2700"]
[BlackElo "2726"]
[PlyCount "83"]
[EventDate "2011.07.17"]
[EventType "team-tourn"]
[EventRounds "9"]
[EventCountry "CHN"]
[SourceTitle "CBM 144"]
[Source "ChessBase"]
[SourceDate "2011.09.16"]
[SourceVersion "1"]
[SourceVersionDate "2011.09.16"]
[SourceQuality "1"]
[WhiteTeam "Armenia"]
[BlackTeam "Hungary"]
[WhiteTeamCountry "ARM"]
[BlackTeamCountry "HUN"]

1. Nf3 Nf6 2. g3 d5 3. Bg2 c6 4. O-O Bg4 5. d3 e6 6. Nbd2 Be7 7. h3 Bh5 8. e4 O-O 9. Qe2 ({RR} 9. Qe1 a5 10. Nh2 dxe4 11. dxe4 e5 12. Nc4 Nfd7 13. a4 Na6 14. Ng4 f6 15. Nge3 Nb4 16. Bd2 b6 17. h4 Re8 18. Bxb4 Bxb4 19. c3 Bf8 20. b4 Qc7 21. Bh3 Red8 22. Qb1 Bf7 23. Rd1 Ra7 {Caruana,F (2804)-So,W (2770) Paris 2016 1-0 (41)}) ({RR} 9. Re1 a5 10. e5 Nfd7 11. Nf1 c5 12. g4 Bg6 13. Ng3 Nc6 14. g5 Qc7 15. Bf4 c4 16. d4 Nb4 17. Re2 c3 18. b3 a4 19. Ne1 axb3 20. axb3 Qb6 21. Rc1 f6 {½-½ (21) Movsesian,S (2642)-Drasko,M (2543) Vogosca 2007}) 9... Qc7 $146 ({RR} 9... h6 10. b3 a5 11. a4 Na6 12. Bb2 Bg6 13. e5 Ne8 14. Nd4 Nb4 15. Rac1 Qb6 16. Qg4 Nc7 17. Ne2 Na2 18. Ra1 Nb4 19. Rac1 Na2 20. Ra1 Nb4 {½-½ (20) Jansson,B-Ek,H Nassjo 1970}) ({RR} 9... a5 10. a4 Na6 11. g4 Bg6 12. Ne5 Nd7 13. Nxg6 hxg6 14. f4 dxe4 15. Nxe4 Nac5 16. Nd2 Nb6 17. Nf3 Ncxa4 18. d4 c5 19. Rd1 cxd4 20. Nxd4 Bf6 21. c3 Nc5 22. Be3 Qc8 23. g5 Be7 24. h4 {Hillarp Persson,T (2476)-Kvaloy,A (2443) Oslo NOR 2024 ½-½ (46)}) ({RR} 9... Nfd7 10. Re1 Re8 11. d4 Bg6 12. c3 Nf6 13. e5 Ne4 14. Nf1 c5 15. N3h2 cxd4 16. cxd4 Nc6 17. Be3 f5 18. Red1 Rf8 19. h4 Qb6 20. h5 Be8 21. h6 g6 22. Bxe4 fxe4 23. f3 exf3 24. Nxf3 {Ermenkov,E-Masic,L Sombor 1972 1-0 (41)}) 10. Re1 dxe4 11. dxe4 Nbd7 12. e5 Nd5 13. a3 b5 14. Nf1 Bc5 15. N1h2 f6 16. exf6 Rxf6 17. Kh1 Raf8 18. Bg5 R6f7 19. Rf1 e5 20. Rae1 Qb6 21. Bh4 h6 22. g4 Nf4 23. Qd2 Bg6 24. Nxe5 Nxe5 25. Rxe5 Bd4 26. Ree1 Bxb2 27. Be7 Rc8 28. c3 Nd3 29. Re3 Re8 30. Bc5 Qxc5 31. Rxe8+ Kh7 32. f4 Bxc3 33. Qa2 Qc4 34. Qxc4 bxc4 35. Be4 Nxf4 36. Bxg6+ Kxg6 37. Re4 Bd2 38. Rxc4 Kh7 39. Rf2 Be3 40. Rf3 Re7 41. Rfxf4 Bxf4 42. Rxf4 1-0

[Event "WchT 8th"]
[Site "Ningbo"]
[Date "2011.07.24"]
[Round "7.3"]
[White "Mamedov, Rauf"]
[Black "Shulman, Yuri"]
[Result "1-0"]
[WhiteElo "2679"]
[BlackElo "2617"]
[PlyCount "191"]
[EventDate "2011.07.17"]
[EventType "team-tourn"]
[EventRounds "9"]
[EventCountry "CHN"]
[SourceTitle "CBM 144"]
[Source "ChessBase"]
[SourceDate "2011.09.16"]
[SourceVersion "1"]
[SourceVersionDate "2011.09.16"]
[SourceQuality "1"]
[WhiteTeam "Azerbaijan"]
[BlackTeam "US of America"]
[WhiteTeamCountry "AZE"]
[BlackTeamCountry "USA"]

1. g3 d5 2. Bg2 e5 3. c4 d4 4. d3 c5 5. Nf3 Bd6 6. O-O Nc6 7. e3 Nge7 8. exd4 cxd4 9. a3 a5 10. Nbd2 O-O 11. Re1 h6 ({RR} 11... f6 12. Rb1 a4 13. b4 axb3 14. Rxb3 Kh8 15. Qc2 b6 16. Ne4 Bc7 17. c5 Be6 18. Rb1 Bd5 19. cxb6 Bxb6 20. Nfd2 f5 21. Ng5 Ba5 22. Re2 Bxg2 23. Kxg2 Qd5+ 24. Ngf3 Bxd2 25. Bxd2 Rxa3 26. Qc4 {Mendonca,L (2562)-Grischuk,A (2745) Chess.com INT 2022 0-1 (31)}) ({RR} 11... Ng6 12. Qc2 Qe7 13. Ne4 Bc7 14. c5 Be6 15. b3 Bd5 16. Rb1 f5 17. Ned2 Kh8 18. Nxe5 Ngxe5 19. Bxd5 f4 20. Qd1 fxg3 21. hxg3 Rxf2 22. Kxf2 Nxd3+ 23. Kf1 Rf8+ 24. Nf3 Nxe1 25. Qxe1 Qd7 26. Be4 {Bruch,J (2180)-Kjoita,T (2055) Vrnjacka Banja SRB 2024 0-1 (67)}) 12. Rb1 $146 ({RR} 12. Qc2 Ng6 13. h4 f5 14. c5 Bc7 15. Nc4 Qf6 16. h5 Nh8 17. Nb6 Bxb6 18. cxb6 Nf7 19. Bd2 Be6 20. Nh4 Rfd8 21. Qc5 Rac8 22. Qb5 Nd6 23. Qa4 Nf7 24. Rac1 Bd5 25. Rc5 Bxg2 26. Kxg2 f4 {Vukic,M (2516)-Milanovic,D (2513) Banja Vrucica 2006 1-0 (40)}) 12... Rb8 13. Qa4 Bd7 14. Ne4 Bc7 15. Nc5 Be8 16. Qc2 Qc8 17. Bd2 b6 18. Na4 Bd7 19. b4 axb4 20. axb4 b5 21. Nc5 Bd6 22. cxb5 Rxb5 23. Qc4 Na5 24. Qa2 Nac6 25. Qa4 Nb8 26. Nxd7 Qxd7 27. h4 Rd8 28. Rbc1 Rb6 29. Qa5 Rb5 30. Qa4 Rb6 31. Qb3 Qb5 32. g4 Nbc6 33. h5 Bxb4 34. Bxb4 Qxb4 35. Qxb4 Nxb4 36. Nxe5 Nbd5 37. Nf3 Nc6 38. Rc4 Nf4 39. Bf1 Ne6 40. Kh2 Na5 41. Rc2 Nc6 42. Kg3 Ne7 43. Ne5 Rb3 44. Ra2 Rc3 45. Ra6 Nc7 46. Ra7 Nc8 47. Ra4 Ne7 48. Rb1 Nc6 49. Nxc6 Rxc6 50. Bg2 Rc3 51. Be4 Ne8 52. Rb6 Kf8 53. Kf4 Rc2 54. Kf3 Rc7 55. Bf5 Rc5 56. Kf4 Nc7 57. Rb7 Nd5+ 58. Kf3 Rc7 59. Raa7 Rxb7 60. Rxb7 Nf6 61. Ra7 Rd6 62. Kf4 Rd8 63. Rb7 Nd5+ 64. Ke5 Nc3 65. Bd7 Ne2 66. Bb5 Ng1 67. Bc4 Re8+ 68. Kd6 Rd8+ 69. Kc5 Kg8 70. Bxf7+ Kh8 71. Re7 Nf3 72. Bd5 Nh2 73. Re4 Nf3 74. Re2 Rc8+ 75. Kd6 Ng1 76. Re7 Nh3 77. f3 Nf2 78. Be4 Kg8 79. Bg6 Rf8 80. Bf5 Nh3 81. Ke5 Ng1 82. f4 Rd8 83. Be6+ Kh8 84. Bd5 Ne2 85. Bf3 Nc1 86. Be4 Nb3 87. g5 hxg5 88. fxg5 Nc5 89. Bf5 Kg8 90. Rc7 Na6 91. Be6+ Kh8 92. Rc4 Nb8 93. g6 Re8 94. Kd6 Rf8 95. Ke7 Nd7 96. Bxd7 1-0

[Event "Dortmund SuperGM 39th"]
[Site "Dortmund"]
[Date "2011.07.30"]
[Round "9"]
[White "Nakamura, Hikaru"]
[Black "Meier, Georg"]
[Result "1-0"]
[WhiteElo "2770"]
[BlackElo "2656"]
[PlyCount "67"]
[EventDate "2011.07.21"]
[EventType "tourn"]
[EventRounds "10"]
[EventCountry "GER"]
[EventCategory "20"]
[SourceTitle "CBM 144"]
[Source "ChessBase"]
[SourceDate "2011.09.16"]
[SourceVersion "1"]
[SourceVersionDate "2011.09.16"]
[SourceQuality "1"]

1. g3 d5 2. Bg2 e5 3. d3 Nf6 4. Nf3 Nc6 5. a3 Bd6 ({RR} 5... Be7 6. b4 e4 7. Nfd2 e3 8. fxe3 O-O 9. O-O Re8 10. Kh1 Ng4 11. Nb3 Bf6 12. d4 Rxe3 13. c3 h5 14. Bxe3 Nxe3 15. Qd3 Nxf1 16. Bxf1 a5 17. b5 Ne7 18. Bg2 h4 19. N1d2 a4 20. Nc5 {Petrosian,T (2601)-Nepomniachtchi,I (2767) Moscow 2019 0-1 (40)}) ({RR} 5... a5 6. b3 Bd6 7. Bb2 O-O 8. Nc3 Re8 9. O-O Bf8 10. h3 h6 11. e4 dxe4 12. dxe4 Nd4 13. Nxd4 exd4 14. Nd5 c5 15. Nxf6+ Qxf6 16. a4 Bd7 17. f4 Qg6 18. Qd3 Qa6 19. Qxa6 Rxa6 20. Rfe1 {Ten Hertog,H (2528)-Garner,I (2377) Karlsruhe GER 2025 ½-½ (37)}) ({RR} 5... a5 6. c4 Be7 7. Nc3 d4 8. Na4 O-O 9. O-O Re8 10. Rb1 Bf8 11. Bg5 h6 12. Bxf6 Qxf6 13. Nd2 Qd8 14. Nb3 Nb8 15. e3 c6 16. exd4 exd4 17. Re1 Rxe1+ 18. Qxe1 Ra7 19. Qe5 Qd6 20. Qxd4 {Nakamura,H (2729)-Alsina Leal,D (2546) Sestao 2010 1-0 (64)}) 6. Bg5 Be6 7. Nfd2 $146 ({RR} 7. Nc3 a6 8. e4 d4 9. Ne2 Qe7 10. Nh4 h6 11. Bd2 Bg4 12. Nf3 O-O-O 13. Nh4 g6 14. Nf3 g5 15. Qb1 Nd7 16. O-O Bxf3 17. Bxf3 Rdf8 18. b4 b5 19. Nc1 f5 20. exf5 Rxf5 21. Bxc6 Nf6 {Argemi Camp,J (1715)-Garcia Extremera,M (1584) Llinars del Valles ESP 2024 1-0 (46)}) ({RR} 7. Nc3 a6 8. e4 d4 9. Ne2 Qe7 10. Nh4 h6 11. Bd2 Bg4 12. Nf3 O-O-O 13. Nh4 g6 14. Nf3 g5 15. Qb1 Nd7 16. O-O Bxf3 17. Bxf3 Rdf8 18. b4 b5 19. Nc1 f5 20. exf5 Rxf5 21. Bxc6 Nf6 {Argemi Camp,J (1715)-Garcia Extremera,M (1584) Llinars del Valles ESP 2024 1-0 (46)}) 7... Be7 8. c4 dxc4 9. dxc4 Qd7 10. Nc3 Rd8 11. O-O h6 12. Bxf6 Bxf6 13. Nd5 Bg5 14. Ne4 Be7 15. Qa4 O-O 16. e3 f5 17. Nec3 Bd6 18. Rad1 Qf7 19. Qb5 e4 20. c5 Be5 21. Qxb7 Bxc3 22. Nxc3 Ne5 23. Rxd8 Rxd8 24. Nb5 Bc4 25. Ra1 Bxb5 26. Qxb5 Rd2 27. b4 Nd3 28. Rf1 h5 29. c6 g6 30. h4 Kh7 31. Qb8 a6 32. a4 Ra2 33. b5 Rxa4 34. b6 1-0

[Event "RUS-ch 64th"]
[Site "Moscow"]
[Date "2011.08.08"]
[Round "1"]
[White "Svidler, Peter"]
[Black "Kramnik, Vladimir"]
[Result "1-0"]
[WhiteElo "2739"]
[BlackElo "2781"]
[Annotator "Marin,Mihail"]
[PlyCount "87"]
[EventDate "2011.08.08"]
[EventType "tourn"]
[EventRounds "7"]
[EventCountry "RUS"]
[EventCategory "19"]
[SourceTitle "CBM 144"]
[Source "ChessBase"]
[SourceDate "2011.09.16"]
[SourceVersion "1"]
[SourceVersionDate "2011.09.16"]
[SourceQuality "1"]

1. Nf3 d5 2. g3 Nf6 3. Bg2 c6 4. d3 Bg4 5. Nbd2 Nbd7 6. h3 Bh5 7. g4 $5 Bg6 8. Nh4 {Such radical measures at this stage of the game are not too common. The whole plan would be less effective if Black had delayed the development of the queen's knight with 5...e6, because of a possible regroupment such as: 8...fd7 9.xg6 hxg6 ...d6, ...e7, ...a6-c7, ...e5, ...e6. The way it is, the f6-knight does not seem to have good squares to which to retreat.} e6 (8... e5 {weakens the d5-square, justifying White's plan directed against the g6-bishop.} 9. c4 (9. e3 Bd6 10. Qe2 Qe7 {was fine for Black in Kritz,L (2571)-Erdos,V (2523)/Differdange 2007/CBM 119 ext (0-1, 35)}) 9... Bc5 {Bradford,J (2453)-Georgiev,K (2661)/Gibraltar 2007/CBM 116 ext (0-1, 129)} 10. Qb3 $5 $36) 9. e3 Bd6 ({The paradoxical} 9... Ng8 {was played in an old game at GM level. Although it seems that Black loses a lot of time, provoking the exchange on g6 at an early stage helps him define his general plan of regrouping.} 10. Nxg6 hxg6 11. Qe2 Bd6 12. b3 Qf6 13. d4 g5 14. Bb2 Ne7 15. O-O-O Ng6 16. Nf3 Qe7 17. c4 a5 $132 {Quinteros,M (2500)-Giorgadze,T (2495)/Hannover 1983/MCL (0-1, 46). With perfect regrouping for Black and reasonable counterplay.}) 10. Qe2 Qc7 {It is not easy to criticise a move played by an ex World Champion twice (!) at such an early stage, but I fail to understand the point behind it. First of all, the indirect pressure against the h4-knight is released. Secondly, the battery  +  is set up in the wrong way (the queen should be in front of the bishop), failing to create any threats against the h2-b8 diagonal.} ({I would prefer} 10... Qe7 {Let us see what can happen if White plays in the same way as in the main game:} 11. O-O ({The only game that actually reached this position went:} 11. Ndf3 O-O 12. Bd2 {White refrains from the more natural b3 followed by b2, in order to avoid the exchange of the dark-squared bishops with ...a3. This would not be a possibility after ...c7.} Rfe8 13. Nxg6 hxg6 14. Ng5 Nc5 15. h4 Nfd7 16. e4 Qf6 $13 {Panno,O (2505)-Ricardi,P (2335)/Buenos Aires 1985/MCD (1-0, 38). We can notice that even here the queen was well placed on e7.}) 11... O-O-O 12. Rb1 (12. f4 Ne8 13. Nxg6 hxg6 $132 {[%cal Gg6g5] Being slightly underdeveloped, White has problems preventing Black's counterplay on the dark squares.}) 12... e5 13. a3 e4 $132 {[%cal Ge7e5]}) ({Even the not too natural} 10... Qb6 {may have been preferable, winning a tempo over the game after} 11. O-O O-O-O 12. Rb1 Bb8 {[%cal Gb6c7] , although I do not like the congestion of the black pieces around their own king.}) 11. O-O O-O-O {A very interesting position. It is not customary for Black to castle long in these lines of the Reti.} 12. Rb1 $146 {[%cal Gb2b4,Gb4b5] With both kings on the kingside, the plan based on b4-b5 would just create weaknesses, but the way it is the black king which starts to sense some danger.} ({It is possible that Svidler based his preparation for this occasion on an older blitz game won by Kramnik:} 12. f4 h6 $5 {Spoiling his own structure for the sake of opening the centre before White gets fully developed.} 13. Nxg6 fxg6 14. Nf3 e5 15. Nh4 exf4 16. exf4 Rhe8 17. Qf2 Bc5 18. d4 Bb6 19. b4 (19. Nxg6 Ne4 20. Bxe4 Rxe4 21. c3 Rde8 $44) 19... Ne4 20. Bxe4 Rxe4 21. c3 Rde8 22. Nxg6 c5 $5 23. bxc5 Nxc5 $132 {Morozevich,A (2755)-Kramnik,V (2785)/Moscow (blitz) 2007/EXT 2008 (0-1, 38)}) ({RR} 12. f4 h6 13. Nxg6 fxg6 14. Nf3 e5 15. Nh4 exf4 16. exf4 Rhe8 17. Qf2 Bc5 18. d4 Bb6 19. b4 Ne4 20. Bxe4 Rxe4 21. c3 Rde8 22. Nxg6 c5 23. bxc5 Nxc5 24. Qf3 Na4 25. Bd2 Nxc3 26. Bxc3 Re3 {Morozevich,A (2755)-Kramnik,V (2785) Moscow 2007 0-1 (38)}) 12... Qa5 $6 {Black cannot not afford to lose so much time.} ({A possible coherent plan would be} 12... Nf8 $5 13. b4 h6 {[%cal Gg6h7,Gg7g5]} 14. Nxg6 Nxg6 $132) 13. a3 Bb8 14. f4 e5 {This piece sacrifice is a logical consequence of Black's previous play, but is not entirely sound. Taking into account also his game against Galkin, I get the feeling that Kramnik is aiming for a slight change of style. He may wish to have the positional piece sacrifice in irrational positions in his fighting arsenal. In the present game, he will come close to justifying his adventurous play, while in the other game he will win outright.} (14... Qc7 15. b4 e5 {would not change much, either.} 16. f5 e4 17. Rf4 Qb6 18. Qf2 $16) 15. f5 e4 16. dxe4 (16. b4 Qc7 17. Rf4 {transposes above.}) 16... Qc7 17. Rf4 Rde8 18. fxg6 {There was no need to open the h-file, which causes the h4-knight to lose stability.} (18. Qf2 $5 $16 {leaves Black with serious problems proving his attacking idea.}) 18... hxg6 19. Nhf3 Qb6 20. e5 Nxe5 21. Nxe5 Bxe5 22. Rf3 Nh7 23. c4 Ng5 24. cxd5 cxd5 {Black has improved his position somewhat and can reduce the material defficit if he so wishes. However, he is still a long way from equality.} 25. Nf1 $6 {This is too passive. By retreating into defence completely, White allows his opponent to take over the control of the whole board.} (25. b4 Kb8 26. Nb3 $16 {followed by c5, with the permanent possibility of b5 would have restricted Black's active possibilities.}) 25... Kb8 26. b4 d4 27. Bd2 Re7 28. Rc1 dxe3 $2 {Probably caused by a miscalculation.} (28... Qd6 $1 $44 {...d3 leaves White in a passive position, despite his material advantage.}) 29. Bxe3 Bd4 $6 (29... Nxf3+ 30. Qxf3 $16) 30. Rg3 Bxe3+ 31. Nxe3 Rhe8 32. Rc3 $18 {The g5-knight cannot join the attack and White has no problems defending his doubly-pinned knight.} a6 {A clear sign that Black has exhausted his attacking resources.} 33. Qf2 {The rest does not require comments; Black played a few more moves from inertia.} f6 34. Nc2 Qxf2+ 35. Kxf2 Re2+ 36. Kf1 Rd2 37. Rgd3 Ree2 38. Rxd2 Rxd2 39. Ne3 Ne6 40. Nc4 Rd1+ 41. Kf2 Nf4 42. Bf3 Ra1 43. h4 g5 44. h5 1-0